[Event "AUTO-INT-470"]
[Site "http://www.queenalice.com/game.php?id=215988"]
[Date "2007.5.24"]
[Round "1"]
[White "bipinpeter"]
[Black "tijolo_"]
[Result "1-0"]
[WhiteElo "1394"]
[BlackElo "1312"]

1. e4 e5 2. h4 d6 3. Na3 h5 4. Nh3 Nc6 5. c4 Bd7 6. d3 Qf6 7. Bg5 Qg6 8. Qb3 Rb8
9. Qa4 f6 10. Be3 Nh6 11. f4 f5 12. exf5 Qxf5 13. Kd2 a6 14. Ng5 b5 15. Qxa6 Nb4
16. Qa7 Nc6 17. Qxc7 Rc8 18. Qb7 exf4 19. Bb6 Ng4 20. Be2 g6 21. Nxb5 Rh7 22.
Nxh7 Be7 23. Bf3 Nb4 24. Nc7+ Rxc7 25. Qb8+ Kf7 26. Qxc7 Kg7 27. Be4 Qe5 28.
Rab1 Kxh7 29. a3 Nf6 30. axb4 Ng4 31. Qb8 Nf2 32. Bxf2 Bg4 33. Ra1 Bf6 34. Ra8
Kg7 35. Qh8+ Kf7 36. Re8 g5 37. Qg8# 1-0

[Event "AUTO-INT-470"]
[Site "http://www.queenalice.com/game.php?id=215989"]
[Date "2007.5.24"]
[Round "1"]
[White "tijolo_"]
[Black "bipinpeter"]
[Result "0-1"]
[WhiteElo "1326"]
[BlackElo "1387"]

1. e4 e5 2. d3 h5 3. h4 d6 4. Bg5 Be7 5. Be3 f6 6. Nh3 c5 7. Nc3 Nh6 8. Qxh5+
Nf7 9. Qg6 f5 10. Ng5 Rh6 11. Qxf7+ Kd7 12. Na4 Rf6 13. Qxg7 Qf8 14. Qh7 Qh6 15.
Qg8 Rf8 16. Qd5 Na6 17. d4 Nb4 18. Qc4 Qh5 19. dxc5 dxc5 20. Qe6+ Ke8 21. Rd1
Bxe6 22. exf5 Bxf5 23. f3 Nxc2+ 24. Kd2 Rd8+ 25. Ke2 b5 26. Nb6 axb6 27. Ne6
Bxe6 28. Bc1 Bc4+ 29. Kf2 Rxd1 30. b3 Bxh4+ 31. g3 Rxf3+ 32. Kg2 Rxg3+ 33. Kf2
Qf3# 0-1

[Event "AUTO-INT-470"]
[Site "http://www.queenalice.com/game.php?id=215990"]
[Date "2007.5.24"]
[Round "1"]
[White "bipinpeter"]
[Black "alexnu"]
[Result "0-1"]
[WhiteElo "1389"]
[BlackElo "1839"]

1. e4 e5 2. d3 Nc6 3. h4 Be7 4. Rh3 d5 5. b3 Bxh3 6. gxh3 dxe4 7. dxe4 Qxd1+ 8.
Kxd1 Bxh4 9. Ke1 O-O-O 10. Be2 Nd4 11. c3 Nc2+ 12. Kf1 Nxa1 13. Bg4+ Kb8 14. c4
Nf6 15. Nf3 Nxg4 16. Nxh4 Rd1+ 17. Ke2 Rxc1 18. Nd2 Rc2 19. Nf3 Nf6 20. b4 Nxe4
21. Nxe5 Nxd2 22. Nd7+ Kc8 23. Nc5 Nxc4+ 24. Kd3 Rd8+ 25. Ke4 Rxf2 26. b5 Nc2
27. Nd3 Rd4# 0-1

[Event "AUTO-INT-470"]
[Site "http://www.queenalice.com/game.php?id=215991"]
[Date "2007.5.24"]
[Round "1"]
[White "alexnu"]
[Black "bipinpeter"]
[Result "1-0"]
[WhiteElo "1917"]
[BlackElo "1396"]

1. g4 e5 2. Bg2 g5 3. c4 d6 4. h3 h6 5. d4 c6 6. dxe5 dxe5 7. Qxd8+ Kxd8 8. Nc3
Na6 9. b3 h5 10. Bxg5+ f6 11. Bh4 Nb4 12. Kd2 Kd7 13. a3 Na6 14. Ne4 Be7 15. g5
fxg5 16. Bxg5 Bxg5+ 17. Nxg5 Nc5 18. Kc3 Kd6 19. Nf7+ Ke7 20. Nxh8 e4 21. Ng6+
Kf7 22. Nf4 h4 23. b4 Na4+ 24. Kb3 b5 25. Bxe4 Bb7 26. cxb5 Rb8 27. bxc6 Bc8 28.
Kxa4 Ne7 29. Nf3 a6 30. Rhg1 Ra8 31. Nxh4 Ra7 32. Rac1 Ng8 33. Bd5+ Kf6 34. e3
Ne7 35. e4 Ke5 36. Nd3+ Kf6 37. e5# 1-0

[Event "Challenge"]
[Site "http://www.queenalice.com/game.php?id=221066"]
[Date "2007.6.5"]
[Round "-"]
[White "BLUESHARK"]
[Black "bipinpeter"]
[Result "1-0"]
[WhiteElo "1558"]
[BlackElo "1435"]

1. e3 e5 2. d3 f6 3. Be2 Bb4+ 4. Bd2 Bd6 5. Nf3 c5 6. c4 Qc7 7. O-O h5 8. Nh4
Qc6 9. e4 g5 10. Nf5 Bf8 11. Bxh5+ Kd8 12. Bg4 d6 13. b3 Qc7 14. Ne3 Qh7 15. h3
Na6 16. Qf3 Be6 17. Bxe6 Qh4 18. Nf5 Qh5 19. Bxg8 Qxf3 20. gxf3 Rxg8 21. Kg2 Kd7
22. Rh1 Ke6 23. Nc3 Kf7 24. Nd5 Re8 25. Ba5 Bg7 26. Nxg7 Kxg7 27. Nc7 Ref8 28.
Ne6+ Kg6 29. Nxf8+ Kh5 30. Ne6 Kh4 31. Nc7 b6 32. Bxb6 axb6 33. Nxa6 Kh5 34. Nc7
Kh6 35. Nd5 f5 36. exf5 Kg7 37. f6+ Kg6 38. Ne7+ Kf7 39. Nxg8 Kxg8 40. a4 Kf7
41. a5 bxa5 42. Rxa5 Kxf6 43. h4 gxh4 44. Rxh4 Ke6 45. Rh6+ Kf5 46. Rxd6 Kf4 47.
Rxc5 Kf5 48. Rdd5 Ke6 49. Rxe5+ Kd6 50. Rcd5+ Kc6 51. Re6+ Kb7 52. Rd7+ Kc8 53.
Rh7 Kd8 54. Rg6 Ke8 55. Rg8# 1-0

[Event "Challenge"]
[Site "http://www.queenalice.com/game.php?id=231017"]
[Date "2007.6.26"]
[Round "-"]
[White "BLUESHARK"]
[Black "bipinpeter"]
[Result "1-0"]
[WhiteElo "1570"]
[BlackElo "1398"]

1. e3 e5 2. Be2 Nh6 3. d3 Na6 4. Nf3 Bb4+ 5. Bd2 Bxd2+ 6. Qxd2 Nc5 7. O-O b6 8.
d4 Na4 9. b3 Nb2 10. Qc3 e4 11. Nfd2 f5 12. Qxb2 c5 13. dxc5 bxc5 14. Qxg7 Rf8
15. Qxh6 Rf7 16. Bh5 d6 17. Qxh7 Qe7 18. Qh8+ Qf8 19. Bxf7+ Kxf7 20. Qh5+ Kg7
21. Qg5+ Kf7 22. Nc4 Qg7 23. Nxd6+ Kg8 24. Qd8+ Qf8 25. Qg5+ Qg7 26. Qh5 Qxa1
27. Ne8 Qh8 28. Qg6+ Kf8 29. Nd6 Bd7 30. Qf7# 1-0

[Event "Challenge"]
[Site "http://www.queenalice.com/game.php?id=240817"]
[Date "2007.7.16"]
[Round "-"]
[White "bipinpeter"]
[Black "BLUESHARK"]
[Result "0-1"]
[WhiteElo "1401"]
[BlackElo "1577"]

1. e4 e6 2. d3 d6 3. c4 Be7 4. d4 Nf6 5. f3 O-O 6. Qc2 c6 7. e5 dxe5 8. dxe5
Nfd7 9. Qd2 Nxe5 10. Qf4 Bb4+ 11. Nd2 Nd3+ 12. Bxd3 Qxd3 13. h4 Rd8 14. a3 Bd6
15. Qg5 Bc7 0-1

[Event "Challenge"]
[Site "http://www.queenalice.com/game.php?id=253441"]
[Date "2007.8.9"]
[Round "-"]
[White "bipinpeter"]
[Black "BLUESHARK"]
[Result "0-1"]
[WhiteElo "1447"]
[BlackElo "1595"]

1. d4 e6 2. e3 Be7 3. e4 Nf6 4. e5 Nd5 5. Qg4 O-O 6. Qh4 Bxh4 7. g3 Be7 8. c4
Nb4 9. a3 Nc2+ 10. Kd1 Nxa1 11. b4 b6 12. c5 bxc5 13. dxc5 c6 14. Nc3 Nb3 15.
Bb2 Ba6 16. Bxa6 Nxa6 17. Nf3 d5 18. h4 d4 19. Ne4 d3 20. a4 Nxb4 21. Bc3 Qa5
22. Rh3 Qxa4 23. Nfg5 Qa2 24. Nf3 Qb1# 0-1

[Event "AUTO-INT-571"]
[Site "http://www.queenalice.com/game.php?id=254083"]
[Date "2007.8.10"]
[Round "1"]
[White "bipinpeter"]
[Black "terry52"]
[Result "0-1"]
[WhiteElo "1419"]
[BlackElo "2116"]

1. e4 e6 2. d3 d5 3. exd5 Qxd5 4. c4 Bb4+ 5. Bd2 Qe5+ 6. Be2 Qxb2 7. Nc3 Bxc3 8.
Nf3 Qxa1 9. Bxc3 Qxd1+ 10. Bxd1 Nf6 11. Ng5 Nbd7 12. Bf3 c6 13. c5 Nxc5 14. Be2
O-O 15. d4 Nce4 16. Nxe4 Nxe4 17. Bb4 Rd8 18. f3 Rxd4 19. Ba5 Nc5 20. h4 Bd7 0-1

[Event "AUTO-INT-571"]
[Site "http://www.queenalice.com/game.php?id=254084"]
[Date "2007.8.10"]
[Round "1"]
[White "terry52"]
[Black "bipinpeter"]
[Result "1-0"]
[WhiteElo "2117"]
[BlackElo "1417"]

1. e4 e5 2. Nf3 d6 3. d4 exd4 4. Nxd4 c5 5. Nf3 f6 6. Bc4 Nh6 7. O-O d5 8. Bxd5
Qc7 9. h3 a6 10. c4 Bd7 11. Nc3 g5 12. e5 a5 13. exf6 Na6 14. Bxg5 Nb4 15. Re1+
Kd8 16. f7+ Kc8 17. Re8+ Bxe8 18. fxe8=Q+ Qd8 19. Be6+ Kc7 20. Bf4+ 1-0

[Event "AUTO-INT-571"]
[Site "http://www.queenalice.com/game.php?id=254087"]
[Date "2007.8.10"]
[Round "1"]
[White "bipinpeter"]
[Black "Karrara"]
[Result "0-1"]
[WhiteElo "1459"]
[BlackElo "1559"]

1. e4 d5 2. d3 e5 3. exd5 Qxd5 4. c4 Bb4+ 5. Bd2 Qc5 6. a3 Bxd2+ 7. Nxd2 Nf6 8.
b4 Qd4 9. Rc1 Ng4 10. h3 Qxf2# 0-1

[Event "AUTO-INT-571"]
[Site "http://www.queenalice.com/game.php?id=254088"]
[Date "2007.8.10"]
[Round "1"]
[White "Karrara"]
[Black "bipinpeter"]
[Result "1-0"]
[WhiteElo "1552"]
[BlackElo "1430"]

1. d4 c6 2. e4 d6 3. Qh5 g6 4. Qg5 h6 5. Qd2 f5 6. Nc3 h5 7. Qg5 e6 8. Qxg6+ Ke7
9. Bg5+ Nf6 10. Bxf6+ Kd7 11. Bxd8 Kxd8 12. Qf6+ Kc7 13. Qxh8 Be7 14. e5 dxe5
15. Qxe5+ Bd6 16. Qg7+ Bd7 17. Bc4 b5 18. Bxe6 a6 19. Bxf5 b4 20. Ne4 a5 21.
Nxd6 Kxd6 22. Qf8+ 1-0